LEADER 01117cam0-2200337---450- 001 990004082070403321 005 20151203094811.0 035 $a000408207 035 $aFED01000408207 035 $a(Aleph)000408207FED01 035 $a000408207 100 $a19990604d1984----km-y0itay50------ba 101 0 $aita 102 $aIT 105 $a--------101yy 200 1 $a<>narrativa nella Toscana del Novecento$eatti del convegno, Firenze, 12-14 marzo 1982$fa cura di Gino Gerola 210 $aFirenze$cVallecchi$d1984 215 $a220 p.$d24 cm 300 $aSul front.: Sindacato nazionale scrittori. Comune di Firenze. Provincia di Firenze, Regione Toscana 610 0 $aNarrativa italiana$aToscana$aSec. 20.$aCongressi 610 0 $aCongressi$aFirenze 676 $a853.9109$v22$zita 702 1$aGerola,$bGino 801 0$aIT$bUNINA$gRICA$2UNIMARC 901 $aBK 912 $a990004082070403321 952 $a853.9109 GER 1$bDip.f.m.269$fFLFBC 952 $a853.9109 GER 1BIS$bDip.f.m.2088$fFLFBC 959 $aFLFBC 996 $aNarrativa nella Toscana del Novecento$9479932 997 $aUNINA LEADER 01385nam 2200361Ia 450 001 996384126703316 005 20200824125307.0 035 $a(CKB)1000000000593671 035 $a(EEBO)2264211254 035 $a(OCoLC)ocm9375154e 035 $a(OCoLC)9375154 035 $a(EXLCZ)991000000000593671 100 $a19830404d1684 uy | 101 0 $aeng 135 $aurbn||||a|bb| 200 00$aNews for the curious$b[electronic resource] $ea treatise of telescopes, or, an account of the marvelous astronomical discoveries of late years made throughout Europe by the help of telescopes ... : also an abstract touching the distance, bulk, and orbs of the heavenly bodies... /$fdone out of French by Jos. Walker 210 $aLondon $cPrinted for the author$d1684 215 $a[12], 56 p., [1] leaf of plates $cill 300 $aImperfect: t.p. torn with loss of print. Description supplied from NUC pre-1956 imprints. 300 $aReproduction of original in the Cambridge University Library. 330 $aeebo-0021 606 $aAstronomy$vEarly works to 1800 606 $aTelescopes$vEarly works to 1800 615 0$aAstronomy 615 0$aTelescopes 701 $aWalker$b Joseph$0845961 801 0$bEEU 801 1$bEEU 801 2$bWaOLN 906 $aBOOK 912 $a996384126703316 996 $aNews for the curious$92337166 997 $aUNISA LEADER 03086oas 2200817 a 450 001 9910146345803321 005 20260218112219.0 035 $a(DE-599)ZDB2887228-9 035 $a(OCoLC)117874049 035 $a(CONSER) 2010252807 035 $a(CKB)1000000000280391 035 $a(DE-599)2887228-9 035 $a(EXLCZ)991000000000280391 100 $a20070401a20079999 sy 101 0 $aeng 135 $aur||||||||||| 181 $ctxt$2rdacontent 182 $cc$2rdamedia 183 $acr$2rdacarrier 200 00$aJournal of information technology in construction 210 $a[Rotterdam, The Netherlands] $cCIB$d[2007]- 300 $aRefereed/Peer-reviewed 311 08$a1874-4753 517 1 $aITcon 606 $aBuilding$xData processing$vPeriodicals 606 $aConstruction industry$xData processing$vPeriodicals 606 $aCivil engineering$xData processing$vPeriodicals 606 $aBuilding$xElectronic information resources$vPeriodicals 606 $aConstruction industry$xElectronic information resources$vPeriodicals 606 $aCivil engineering$xElectronic information resources$vPeriodicals 606 $aInformation technology$vPeriodicals 606 $aConstruction$xInformatique$vPe?riodiques 606 $aConstruction$xSources d'information e?lectroniques$vPe?riodiques 606 $aConstruction$xIndustrie$xSources d'information e?lectroniques$vPe?riodiques 606 $aTechnologie de l'information$vPe?riodiques 606 $aBuilding$xData processing$2fast$3(OCoLC)fst00840567 606 $aCivil engineering$xData processing$2fast$3(OCoLC)fst00862494 606 $aConstruction industry$xData processing$2fast$3(OCoLC)fst00875997 606 $aInformation technology$2fast$3(OCoLC)fst00973089 608 $aPeriodicals.$2fast 615 0$aBuilding$xData processing 615 0$aConstruction industry$xData processing 615 0$aCivil engineering$xData processing 615 0$aBuilding$xElectronic information resources 615 0$aConstruction industry$xElectronic information resources 615 0$aCivil engineering$xElectronic information resources 615 0$aInformation technology 615 6$aConstruction$xInformatique 615 6$aConstruction$xSources d'information e?lectroniques 615 6$aConstruction$xIndustrie$xSources d'information e?lectroniques 615 6$aTechnologie de l'information 615 7$aBuilding$xData processing. 615 7$aCivil engineering$xData processing. 615 7$aConstruction industry$xData processing. 615 7$aInformation technology. 712 02$aInternational Council for Research and Innovation in Building and Construction 801 0$bHNK 801 1$bHNK 801 2$bWAU 801 2$bCUS 801 2$bOCLCQ 801 2$bOCLCF 801 2$bSRU 801 2$bOCLCQ 801 2$bAUD 801 2$bUAB 801 2$bOCLCL 906 $aJOURNAL 912 $a9910146345803321 996 $aJournal of information technology in construction$92573627 997 $aUNINA